00531nam a22002057a 4500003000400000020001800004082001800022100001800040245003300058260003800091300001600129500002300145546001200168650002200180650002200202650001900224650004000243650001400283650002800297OSt a9789350305201 a660.6bCAN/BA aBrier, Canon  aBasics of food biotechnology aJaipurbOxford book companyc2020 aviii, 280p. aFood biotechnology aEnglish aFood microbiology aPickles formation aDiary products aVegetables and fruits biotechnology aSpirulina aFood authority agencies